Central Library OPAC University of Rajshahi

Classical Sanskrit Literature / (Record no. 86582)

MARC details
000 -LEADER
fixed length control field 00603nam a2200205 a 4500
001 - CONTROL NUMBER
control field 86582
003 - CONTROL NUMBER IDENTIFIER
rucl marc code BD-RjUL
005 - DATE AND TIME OF LATEST TRANSACTION
control field 20260624122503.0
008 - FIXED-LENGTH DATA ELEMENTS--GENERAL INFORMATION
fixed length control field 260624s1936 enk||||| |||| 00| 0 eng d
035 ## - SYSTEM CONTROL NUMBER
System control number (BD-RjUL)86582
040 ## - CATALOGING SOURCE
Original cataloging agency BD-RjUL
Language of cataloging eng
Transcribing agency BD-RjUL
041 ## - LANGUAGE CODE
Language code of text/sound track or separate title eng
082 ## - DEWEY DECIMAL CLASSIFICATION NUMBER
Edition number 23
Classification number 891.209
Author mark and year KEC 1936
100 ## - MAIN ENTRY--PERSONAL NAME
Personal name Keith, Arthur Berriedale
9 (RLIN) 18697
245 ## - TITLE STATEMENT
Title Classical Sanskrit Literature /
Statement of responsibility, etc. Arthur Berriedale Keith
260 ## - PUBLICATION, DISTRIBUTION, ETC. (IMPRINT)
Place of publication, distribution, etc. London :
Name of publisher, distributor, etc. Oxford University Press,
Date of publication, distribution, etc. 1936
300 ## - PHYSICAL DESCRIPTION
Pagination 145 p.;
Size 19 cm.
650 ## - SUBJECT ADDED ENTRY--TOPICAL TERM
Topical term or geographic name as entry element Sanskrit literature
General subdivision History and criticism
9 (RLIN) 18695
942 ## - ADDED ENTRY ELEMENTS (KOHA)
Source of classification or shelving scheme Dewey Decimal Classification
Koha item type Books
Holdings
Lost status Source of classification or shelving scheme Damaged status Not for loan Collection code Permanent Location Current Location Shelving location Date acquired Total Checkouts Full call number Date last seen Copy number Koha item type
  Dewey Decimal Classification   Not For Loan Fiction Central Library, University of Rajshahi Central Library, University of Rajshahi Reading Room 24/06/2026   891.209 KEC 1936 24/06/2026 C-1 Books